Catalog

Record Details

Catalog Search



Jüdische Volksmusik : eine mitteleuropäische Geistesgeschichte  Cover Image Book Book

Jüdische Volksmusik : eine mitteleuropäische Geistesgeschichte / Philip V. Bohlman

Record details

  • ISBN: 3205771192
  • Physical Description: 388 p. : ill. ; 25 cm
  • Publisher: Wien : Böhlau, 2005

Content descriptions

Bibliography, etc. Note:
Includes bibliographical references (p. 355-366), discography (p. 367), and index.

Available copies

  • 1 of 1 copy available at Common Catalog SPOK.

Holds

  • 0 current holds with 1 total copy.
Show Only Available Copies
Location Call Number / Copy Notes Barcode Shelving Location Status Due Date
Terezin Initiative Institute 4998 4594304998 Knihovna ITI Available -

LDR 01180cam a22003134a 4500
00150158
003CZ-PrJAB
00520221123104655.0
008050909s2005 au a bk 001 0 ger
020 . ‡a3205771192
035 . ‡a(GyWOH)har030115779
040 . ‡aDLC ‡cDLC ‡dDLC
1001 . ‡aBohlman, Philip V., ‡d1952- ‡4aut
24510. ‡aJüdische Volksmusik : ‡beine mitteleuropäische Geistesgeschichte / ‡cPhilip V. Bohlman
260 . ‡aWien : ‡bBöhlau, ‡c2005
300 . ‡a388 p. : ‡bill. ; ‡c25 cm
4900 . ‡aSchriften zur Volksmusik ; ‡vBd. 21
504 . ‡aIncludes bibliographical references (p. 355-366), discography (p. 367), and index.
910 . ‡aABE340 ‡b4998
995 . ‡aska
901 . ‡a50158 ‡bAUTOGEN ‡c50158 ‡tbiblio

Additional Resources